000 00585nam a2200229Ia 4500
003 OSt
005 20220918201327.0
006 a|||||r|||| 00| 0
007 ta
008 220917b |||||||| |||| 00| 0 eng d
024 _a93,147
037 _cTextual
040 _aARTS
_cARTS
_beng
041 _2eng
_aeng
082 _aV1:6 :D, E9
100 _aPetrie W M Flinders
_998147
245 0 _aSome sources of human history
260 _aNA
_bNA
_c1919
650 _aHISTORY
942 _hV1:6 :D, E9
_cTEXL
_2CC
999 _c216795
_d216795